FC Crotone Squad 2020-2021 - Statistics

General Stats
  • This quiz has been taken 18 times
    5 since last reset
  • The average score is 17 of 34
Answer Stats
# Position Nation Player % Correct
3 DF Italy Giuseppe Cuomo
100%
7 FW Algeria Adam Ounas
80%
10 MF Libia Ahmad Benali
80%
1 GK Italy Alex Cordaz
80%
11 FW Romania Denis Drăguș
80%
30 FW Brazil Junior Messias
80%
6 DF Argentina Lisandro Magallán
80%
21 MF Italy Niccolò Zanellato
80%
25 FW Nigeria Simy
80%
5 DF Serbia Vladimir Golemić
80%
69 MF Poland Arkadiusz Reca
60%
95 MF Brazil Eduardo Henrique
60%
- Coach Italy Giovanni Stroppa
60%
16 GK Italy Marco Festa
60%
77 MF Serbia Miloš Vulić
60%
32 MF Portugal Pedro Pereira
60%
13 DF Italy Sebastiano Luperto
60%
- Coach Italy Serse Cosmi
60%
33 MF Italy Andrea Rispoli
40%
97 FW Martinica Emmanuel Rivière
40%
14 MF Italy Giovanni Crociata
40%
26 DF Ivory Coast Koffi Djidji
40%
8 MF Italy Luca Cigarini
40%
20 MF Chile Luis Rojas
40%
17 MF Italy Salvatore Molina
40%
22 GK Italy Gian Marco Crespi
20%
44 MF Italy Jacopo Petriccione
20%
34 DF Italy Luca Marrone
20%
28 FW Italy Luca Siligardi
20%
54 FW Italy Samuel Di Carmine
20%
23 MF Italy Antonio Mazzotta
0%
40 GK Italy Francesco D'Alterio
0%
7 MF Italy Mattia Mustacchio
0%
19 MF Croatia Tomislav Gomelt
0%
No matching quizzes found
Score Distribution
Percent of People with Each Score
Percentile by Number Answered
Your Score History
You have not taken this quiz since the last reset